I Kissed a Girl - Katy Perry (All Lyrics) - Statistics

General Stats
  • This quiz has been taken 7,570 times
  • The average score is 213 of 267
Answer Stats
Lyrics % Correct
I
100%
a
99%
girl
98%
it.
98%
It
98%
it
98%
kissed
98%
and
97%
liked
97%
the
92%
The
92%
cherry
91%
to.
91%
to
91%
do.
89%
my
89%
My
89%
so
89%
taste
89%
her
88%
of
88%
Just
87%
just
87%
don't
86%
Don't
86%
stick.
86%
try
86%
in
84%
chap
83%
boyfriend
82%
mind
82%
hope
81%
right.
81%
felt
80%
wrong,
80%
No,
79%
no
79%
I'm
74%
love
74%
not
74%
Not
74%
tonight.
73%
you
71%
you.
71%
was
69%
This
66%
Us
65%
what
64%
way
63%
intention.
62%
It's
62%
it's
62%
mean
62%
we
62%
girls
61%
girls,
61%
planned,
61%
good
60%
lips,
60%
never
59%
are
56%
your
56%
on.
55%
know
54%
used
54%
for
53%
got
52%
doesn't
51%
even
48%
kissable.
48%
magical,
48%
matter.
48%
name.
48%
soft
47%
drink
46%
how
46%
wanna
46%
curious
45%
game,
45%
red
45%
should
45%
skin,
45%
You're
45%
human
44%
Lost
44%
experimental
43%
hard
43%
Hard
43%
nature.
43%
behave.
42%
hand.
41%
they
41%
Too
41%
confused,
40%
head
40%
resist,
38%
attention.
37%
brave,
35%
deny
35%
touchable.
35%
discretion.
34%
Caught
32%
big
31%
deal,
30%
gets
29%
Ain't
27%
innocent.
25%
obey.
24%
No matching quizzes found
Score Distribution
Percent of People with Each Score
Percentile by Number Answered
Your Score History
You have not taken this quiz